Opere retoriche: de oratore, Brutus, orator (Record n. 65875)

Dettagli MARC
000 -LEADER
fixed length control field 01544nam a2200301Ia 4500
001 - CONTROL NUMBER
control field B6233
003 - CONTROL NUMBER IDENTIFIER
control field IT-RoPAU
008 - FIXED-LENGTH DATA ELEMENTS--GENERAL INFORMATION
fixed length control field 130308s9999 xx 000 0 und d
040 ## - CATALOGING SOURCE
Original cataloging agency IT-RoPAU
040 ## - CATALOGING SOURCE
Transcribing agency IT-RoPAU
041 ## - LANGUAGE CODE
Language code of text/sound track or separate title ITALIANO
999 ## - SYSTEM CONTROL NUMBERS (KOHA)
Koha Dewey Subclass [OBSOLETE] SI
100 ## - MAIN ENTRY--PERSONAL NAME
Personal name Cicerone Marco Tullio
100 ## - MAIN ENTRY--PERSONAL NAME
Miscellaneous information Codice Aut. SPICS: 38996
245 ## - TITLE STATEMENT
Title Opere retoriche: de oratore, Brutus, orator
245 ## - TITLE STATEMENT
Remainder of title Opere Retoriche: de Oratore, Brutus, Orator
250 ## - EDITION STATEMENT
Edition statement 2a ed.
260 ## - PUBLICATION, DISTRIBUTION, ETC. (IMPRINT)
Place of publication, distribution, etc. TORINO
260 ## - PUBLICATION, DISTRIBUTION, ETC. (IMPRINT)
Name of publisher, distributor, etc. UTET
260 ## - PUBLICATION, DISTRIBUTION, ETC. (IMPRINT)
Date of publication, distribution, etc. 1992 [1° Ed.:1976 - Ed.Ling.Originale:0]
300 ## - PHYSICAL DESCRIPTION
Extent "974 p. (prefazione: no ; testo: 974 [pagine: 0-0])"
500 ## - GENERAL NOTE
General note "Testo delle tre Opere in Italiano con testo Latino Originale a Fronte. Introduzione e cura di Giuseppe Norcio.1. De Oratore: Data: 55 Avanti Cristo. circostanze politiche che Favorirono la Sua Composizione. materia e Personaggi del De Oratore. Valore Filosofico e Artistico del Dialogo.2. Brutus: Data: 46 Avanti Cristo. materia e Personaggi del Brutus. Valoreletterario e Politico del Dialogo.3. Orator: Data: 46 Avanti Cristo con Il suo vero titolo ""Elogio di Catone"". Composizione e motivi Ispiratori dell'Orator. materia Trattata. Problemadell'Unità di Composizione. Valore dell'Opera.Nota bibliografica Sulle tre Opere di Cicerone. Nota Critica Ai tre Testi Qui Presentati. De Oratore in tre Libri. Brutus in 333 Paragrafi. Orator In238 Paragrafi."
650 ## - SUBJECT ADDED ENTRY--TOPICAL TERM
Topical term or geographic name as entry element SAGGI DI LINGUISTICA
650 ## - SUBJECT ADDED ENTRY--TOPICAL TERM
Relator term Codice materia Spics: 3207
942 ## - ADDED ENTRY ELEMENTS (KOHA)
Koha item type LIBRO
957 ## -
-- 1
999 ## - SYSTEM CONTROL NUMBERS (KOHA)
-- 1
Dati di copia
Withdrawn status Lost status Damaged status Not for loan Home library Current library Date acquired Total Checkouts Full call number Date last seen Price effective from Koha item type Public note
    Buone Condizioni Not For Loan SPICS-MEDIATECA SPICS-MEDIATECA 08/03/2013   B6233 08/03/2013 08/03/2013 LIBRO Progressivo inserimento: 4175 / N. Volumi: 1 Copie: 1 Copia Rara: SI / data import: 1 marzo 2013 - By Epidotti, Trombetti, Vaglietti.
CREDITS: SOCIETA' SAN PAOLO Via A.Severo, 58 - ROMA (RM) & PERIODICI SAN PAOLO SRL Via Giotto, 36 MILANO & CISF Via Giotto, 36 MILANO & EDIZIONI SAN PAOLO SRL,  Piazza Soncino, 5 CINISELLO BALSAMO (MI) -- ITALY